[Event "Interzonal-13a"]
[Site "Tunis"]
[Date "1985.04.28"]
[Round "2"]
[White "Miles, Anthony John"]
[Black "Dlugy, Maxim"]
[Result "1/2-1/2"]
[WhiteElo "2570"]
[BlackElo "2485"]
[Annotator "ChessBase"]
[PlyCount "46"]
[EventDate "1985.04.27"]
[EventType "tourn"]
[EventRounds "17"]
[EventCountry "TUN"]
[EventCategory "11"]
[SourceTitle "IZT"]
[Source "ChessBase"]
[SourceDate "1999.07.01"]
[SourceVersion "1"]
[SourceVersionDate "1999.07.01"]
[SourceQuality "1"]

1. d4 d5 2. c4 dxc4 3. e4 e5 4. Nf3 Bb4+ 5. Bd2 Bxd2+ 6. Nbxd2 exd4 7. Bxc4 Nc6
8. O-O Qf6 9. e5 Qg6 10. Bb5 Nge7 11. Nxd4 O-O 12. Nxc6 (12. N2f3 Nxd4 13. Qxd4
$14) 12... Nxc6 13. Nf3 Bg4 14. Bxc6 Qxc6 15. Nd4 Qd7 16. f3 Rfd8 17. Nb3 Qb5
18. Qc2 Be6 19. Qxc7 Bxb3 20. axb3 Qxb3 21. Kh1 Rac8 22. Qe7 Re8 23. Qd7 Rcd8
1/2-1/2

[Event "Sochi Chigorin Memorial"]
[Site "Sochi"]
[Date "1986.??.??"]
[Round "14"]
[White "Beliavsky, Alexander G"]
[Black "Yakovich, Yuri"]
[Result "1-0"]
[WhiteElo "2585"]
[BlackElo "2440"]
[Annotator "ChessBase"]
[PlyCount "112"]
[EventDate "1986.09.??"]
[EventType "tourn"]
[EventRounds "15"]
[EventCountry "URS"]
[EventCategory "12"]
[SourceTitle "MCL"]
[Source "ChessBase"]
[SourceDate "1999.07.01"]
[SourceVersion "1"]
[SourceVersionDate "1999.07.01"]
[SourceQuality "1"]

1. d4 d5 2. c4 dxc4 3. e4 Nf6 4. e5 Nd5 5. Bxc4 Nb6 6. Bd3 Nc6 7. Be3 Nb4 8.
Be4 c6 9. Nc3 Be6 10. Nge2 N4d5 11. O-O Qd7 12. Ng3 $6 (12. Nc1 $5) 12... f5 $1
13. exf6 exf6 14. Re1 O-O-O 15. Bd2 Nc4 16. Nxd5 cxd5 17. Bc2 Kb8 18. Ba4 Qf7
19. Bf4+ Bd6 20. Qc1 g5 21. Bxd6+ Rxd6 (21... Nxd6 $1 $15) 22. b3 Nb6 23. Bb5
h5 24. h4 Nc8 25. Nf1 a6 26. Bd3 Rg8 27. hxg5 Rxg5 28. Qf4 Rg4 29. Qh2 Qd7 30.
Rad1 Ka7 31. Be2 Rg8 32. Ng3 Rh8 33. Qh4 Bg4 34. f3 Bf5 35. Bf1 Bg6 36. Re3 Ne7
37. Rde1 Nc6 38. Ne2 Qg7 39. Qg3 Qh6 40. Qf4 Qxf4 41. Nxf4 Bf7 42. Rd1 Rdd8 43.
a3 Kb6 44. b4 Kc7 45. b5 axb5 46. Bxb5 Rhe8 47. Rc3 Rd6 48. a4 Ra8 49. Kf2 Kd8
50. Kg3 Ne7 51. Kf2 Nf5 52. g4 hxg4 53. fxg4 Ne7 54. Rh1 Bg8 55. Rh8 f5 56.
gxf5 Rf6 1-0

[Event "London m"]
[Site "London"]
[Date "1986.??.??"]
[Round "6"]
[White "Alburt, Lev O"]
[Black "Speelman, Jonathan S"]
[Result "1-0"]
[WhiteElo "2515"]
[BlackElo "2560"]
[Annotator "ChessBase"]
[PlyCount "72"]
[EventDate "1986.05.??"]
[EventType "match"]
[EventRounds "8"]
[EventCountry "ENG"]
[SourceTitle "MCL"]
[Source "ChessBase"]
[SourceDate "1999.07.01"]
[SourceVersion "1"]
[SourceVersionDate "1999.07.01"]
[SourceQuality "1"]

1. d4 d5 2. c4 dxc4 3. e4 Nc6 4. Nf3 Bg4 5. Be3 e6 6. Bxc4 Bxf3 7. gxf3 Qf6 8.
e5 $6 Qh4 9. Bb5 Bb4+ 10. Nc3 Nge7 11. Qa4 O-O 12. O-O-O Bxc3 13. bxc3 Nd5 (
13... a6 $5) 14. Qc2 f6 $2 (14... f5 $1) 15. Rdg1 Nxe3 16. fxe3 fxe5 17. Rg4
Qh6 18. Qe4 exd4 19. Rhg1 Rf5 20. Rxg7+ Kh8 21. Bxc6 bxc6 22. cxd4 Rb8 23. h4
Qf6 24. Rxc7 Qf8 25. Rgg7 Qxg7 26. Rxg7 Kxg7 27. Qxe6 Rbf8 28. f4 R8f6 29. Qd7+
Kg6 30. Kc2 Rd5 31. Qe8+ Kg7 32. e4 Ra5 33. Qd7+ Rf7 34. Qg4+ Kf8 35. Qe6 c5
36. Qd5 h6 1-0

[Event "Interzonal-13a"]
[Site "Tunis"]
[Date "1985.05.01"]
[Round "4"]
[White "Jussupow, Artur"]
[Black "Portisch, Lajos"]
[Result "1-0"]
[WhiteElo "2590"]
[BlackElo "2635"]
[Annotator "ChessBase"]
[PlyCount "65"]
[EventDate "1985.04.27"]
[EventType "tourn"]
[EventRounds "17"]
[EventCountry "TUN"]
[EventCategory "11"]
[SourceTitle "IZT"]
[Source "ChessBase"]
[SourceDate "1999.07.01"]
[SourceVersion "1"]
[SourceVersionDate "1999.07.01"]
[SourceQuality "1"]

1. d4 d5 2. c4 dxc4 3. e4 Nf6 4. e5 Nd5 5. Bxc4 Nb6 6. Bb3 Nc6 7. Nf3 Bg4 8.
Bxf7+ Kxf7 9. Ng5+ Ke8 10. Qxg4 Qxd4 11. Qe2 Qxe5 12. Be3 Nd5 13. Nf3 Qf5 14.
O-O e6 15. Nc3 Rd8 16. Rfe1 Be7 17. Nb5 Nxe3 18. fxe3 a6 (18... Bd6 $5 $15) 19.
Nxc7+ Kd7 20. Nxa6 Ra8 21. Red1+ Kc8 22. b4 Rxa6 23. b5 Ra3 24. bxc6 b6 25.
Rab1 Bc5 26. Rb3 Ra5 27. Qc4 Rxa2 28. Rxb6 Bxe3+ 29. Kh1 Bxb6 30. Qxa2 Kc7 31.
Rd7+ Kxc6 32. Qa4+ Kc5 33. Nd2 1-0

[Event "World Cup"]
[Site "Brussels"]
[Date "1988.??.??"]
[Round "10"]
[White "Karpov, Anatoly"]
[Black "Speelman, Jonathan S"]
[Result "1-0"]
[WhiteElo "2715"]
[BlackElo "2625"]
[Annotator "ChessBase"]
[PlyCount "81"]
[EventDate "1988.04.??"]
[EventType "tourn"]
[EventRounds "17"]
[EventCountry "BEL"]
[EventCategory "15"]
[SourceTitle "CBM 007"]
[Source "ChessBase"]
[SourceDate "1988.12.01"]
[SourceVersion "1"]
[SourceVersionDate "1988.12.01"]
[SourceQuality "1"]

1. d4 d5 2. c4 dxc4 3. e4 Nf6 4. e5 Nd5 5. Bxc4 Nb6 6. Bb3 (6. e6 $2 Nxc4 7.
Qa4+ Nc6 8. exf7+ Kxf7 9. Qxc4+ Be6 $19) 6... Nc6 7. Be3 {7.Nf3 - 45/(448)} Bf5
8. Ne2 e6 9. O-O Na5 10. Ba4+ c6 11. Bc2 Bg6 12. Nbc3 Nac4 13. Qc1 $5 (13. Bc1
$5) 13... Be7 14. Bxg6 $5 hxg6 (14... fxg6 15. b3 $14) 15. Ne4 Rh4 16. N2g3 Qd5
17. Qc2 $1 O-O-O 18. Bg5 $1 Bxg5 19. Nxg5 Rd7 20. Nf3 Rf4 21. Rad1 g5 22. Qc1
Rxf3 23. gxf3 Qxf3 24. Rfe1 (24. Qc2 $14) 24... g4 25. Re4 Nxb2 26. Rd2 N2a4
27. Qc2 Qa3 $8 28. Rxg4 g6 29. Ne4 $18 Kb8 30. Rg3 Qe7 31. h3 Qh4 32. Kh2 Qf4
33. Kg2 Qh6 34. Rdd3 a6 35. Rg4 Rd5 36. h4 Rb5 37. Rb3 Nd5 38. Rf3 Rb4 39. Ng5
Ne7 40. a3 Rb2 41. Qxa4 1-0

[Event "Hoogovens"]
[Site "Wijk aan Zee"]
[Date "1985.01.29"]
[Round "9"]
[White "Portisch, Lajos"]
[Black "Spraggett, Kevin"]
[Result "0-1"]
[WhiteElo "2635"]
[BlackElo "2560"]
[Annotator "ChessBase"]
[PlyCount "80"]
[EventDate "1985.01.18"]
[EventType "tourn"]
[EventRounds "13"]
[EventCountry "NED"]
[EventCategory "13"]
[SourceTitle "MCL"]
[Source "ChessBase"]
[SourceDate "1999.07.01"]
[SourceVersion "1"]
[SourceVersionDate "1999.07.01"]
[SourceQuality "1"]

1. d4 d5 2. c4 dxc4 3. e4 Nf6 4. e5 Nd5 5. Bxc4 Nb6 6. Bd3 Nc6 7. Be3 g6 8. Nc3
Bg7 9. Nge2 O-O 10. h4 (10. a3 $5 f6 11. Qb3+ Kh8 12. e6 Qd6 13. d5 Ne5 14. Bc2
c6 $13) 10... Nb4 11. Be4 N4d5 $2 (11... c5 $1 12. dxc5 (12. d5 Bf5 $10) 12...
Nc4 (12... Qxd1+ 13. Nxd1 Nc4 14. f4 Bf5 15. Bxf5 gxf5 16. Kf2 Nd3+ 17. Kf3 $16
) 13. Qb3 Nxe3 14. Qxb4 a5 15. Qa4 Ng4 16. Bxb7 Bxb7 17. Qxg4 Bxe5 $44) 12. h5
Be6 (12... Nxe3 13. fxe3 $16) (12... c5 13. hxg6 hxg6 14. Bh6 $1 Bxh6 15. Rxh6
Kg7 16. Rh2 $36) 13. Qc1 Nxe3 $8 (13... c5 14. hxg6 fxg6 15. Bh6 $40) 14. Qxe3
(14. fxe3 $5) 14... c5 (14... Nd5 15. Bxd5 Bxd5 16. hxg6 hxg6 17. Nf4 e6 $14)
15. d5 $1 Nxd5 (15... Bxd5 16. hxg6 hxg6 17. Qh3 Re8 18. Nxd5 Nxd5 19. e6 $1
Nf6 (19... Qd6 20. Rd1 fxe6 21. Bxg6 $18) 20. exf7+ Kxf7 21. Bxg6+ $1 Kxg6 22.
Nf4+ $18) 16. Bxd5 Bxd5 17. O-O-O e6 18. Nf4 Re8 (18... Qc7 19. hxg6 hxg6 20.
Ncxd5 exd5 21. Nxd5 $16) 19. hxg6 $6 (19. h6 $1 Bh8 20. Nfxd5 exd5 21. Rxd5 Qe7
22. f4 f6 23. f5 $1 $16) 19... hxg6 20. Nfxd5 exd5 21. Rxd5 Qe7 22. f4 b6 23.
Qh3 $6 (23. Rhd1 Rad8 24. Ne4 Rxd5 25. Rxd5 Rd8 26. Nd6 $14) 23... Rad8 24.
Rhd1 (24. Qh7+ Kf8 25. Rhd1 Rxd5 26. Nxd5 Qe6 27. Nc7 $140 Qc4+) 24... Rxd5 25.
Nxd5 Qb7 $1 26. Qh4 (26. Nf6+ Bxf6 27. exf6 Qc6 28. Qh4 Qe6 $132) 26... Qa6 $1
27. f5 $5 (27. Nc3 Qc4) 27... Bxe5 $8 (27... Rxe5 28. Ne7+ Rxe7 29. Rd8+ Bf8
30. Rxf8+ $1) 28. Ne7+ (28. f6 Bxb2+ $1 29. Kb1 Qb5 30. a4 Bxf6+ $1 $19) 28...
Kg7 29. fxg6 (29. Rh1 Bxb2+ 30. Kxb2 Qe2+ $10) 29... Rxe7 (29... fxg6 $5 30.
Nf5+ (30. Rd7 Qf1+ 31. Kc2 Qe2+) 30... gxf5 31. Qg5+ (31. Rd7+ Kg6) 31... Kf8
32. Qxf5+ Kg8 $10) 30. Qh7+ (30. Qxe7 $6 Qc4+ 31. Kd2 (31. Kb1 Qe4+ 32. Ka1
Bxb2+ $19) 31... Bf4+ $10) 30... Kf6 31. g7 Qc4+ (31... Bxb2+ 32. Kb1 $8 Qb5
33. Qh6+ $1 (33. g8=N+ Ke6) 33... Kf5 34. Qh5+ Ke6 (34... Ke4 35. Qf3+ Ke5 36.
Rd5+) 35. Qd5+ Kf6 36. g8=N+ Kg7 37. Qg5+ Kf8 38. Rd8+ Re8 39. Qe7+ Kg7 40.
Qxe8 $18) 32. Kb1 Re8 (32... Qe2 33. Qh6+ (33. g8=N+ Kg5 $1 $13) 33... Kf5 34.
g4+ $1 Qxg4 (34... Ke4 35. Qh1+ Kf4 36. Qf1+ $18) 35. Rf1+ Ke4 36. Qc6+ Ke3 (
36... Kd4 37. Qa4+ c4 38. Qd1+ $18) 37. g8=Q Qxg8 38. Qf3+ Kd4 39. Rd1+ Kc4 40.
Qb3#) 33. g4 $4 (33. g8=Q Rxg8 34. Qxg8 $14 Qe4+ 35. Ka1 Qe3 (35... Bxb2+ 36.
Kxb2 Qe2+ 37. Kc1 Qc4+ 38. Kd2 Qd4+ 39. Ke1 Qe3+ 40. Kf1 Qf4+ 41. Kg1 Qe3+ 42.
Kh2 Qh6+ 43. Kg3 Qe3+ 44. Kh4 Qf4+ 45. Kh3 $1 Qh6+ 46. Kg4 $18) 36. Qd8+ Kf5
37. Qd3+ Qxd3 38. Rxd3 $14) 33... Qxg4 34. Rf1+ Ke6 35. Qh6+ f6 36. Qh7 Qg2 37.
Qf5+ Kf7 38. Rf2 Qg6 39. Qxg6+ Kxg6 40. Rg2+ Kf7 0-1

[Event "Khanty-Mansiysk FIDE GP (Women)"]
[Site "Khanty-Mansiysk"]
[Date "2014.04.19"]
[Round "9"]
[White "Batchimeg, Tuvshintugs"]
[Black "Ushenina, Anna"]
[Result "1/2-1/2"]
[WhiteElo "2340"]
[BlackElo "2501"]
[Annotator "ChessBase Website"]
[PlyCount "96"]
[EventDate "2014.04.09"]
[EventType "tourn"]
[EventRounds "11"]
[EventCountry "RUS"]
[EventCategory "10"]
[SourceTitle "CBM 160"]
[Source "ChessBase"]
[SourceDate "2014.05.15"]
[SourceVersion "1"]
[SourceVersionDate "2014.05.15"]
[SourceQuality "1"]
[TimeControl "40/5400+30:1800+30"]
[WhiteClock "1:30:00"]
[BlackClock "1:30:00"]

1. d4 {[%emt 0:00:00]} d5 {[%emt 0:00:00] This game was equal from beginning
to end. Both players tried their hardest but they just couldn't cause enough
problems to the other player.} 2. c4 {[%emt 0:00:00]} dxc4 {[%emt 0:00:00]} 3.
e3 {[%emt 0:01:11]} e5 {[%emt 0:00:49]} 4. Nf3 {[%emt 0:02:07]} (4. Bxc4 exd4
5. exd4 Nf6 6. Nf3 Be7 7. O-O O-O 8. Nc3 Nbd7 9. Re1 Nb6 10. Bb3 c6 11. Bg5 Bg4
12. h3 Bxf3 13. Qxf3 h6 14. Bf4 Bd6 15. Be5 Bxe5 16. dxe5 Nfd7 17. Rad1 Qc7 18.
Qe3 Rfd8 19. f4 Nf8 20. Ne4 Nd5 21. Qg3 Ng6 22. Nd6 Ngxf4 23. Bxd5 Nxd5 24. Nf5
g6 25. Nxh6+ Kh7 26. Ng4 Kg7 27. Kh1 Rh8 28. Rd3 Qe7 29. Rf1 Rh5 30. Rdf3 Rf8
31. Qf2 a6 32. a3 Kg8 33. Rf6 Kg7 {Jakovenko,D (2721)-Fedoseev,V (2601)
Khanty-Mansiysk 2013 1-0}) 4... exd4 {[%emt 0:00:37]} 5. Qxd4 {[%emt 0:00:25]}
Qxd4 {[%emt 0:14:26]} 6. Nxd4 {[%emt 0:00:36]} Nf6 {[%emt 0:07:47]} 7. Bxc4 {
[%emt 0:00:40]} a6 {[%emt 0:04:28]} 8. Nc3 {[%emt 0:01:32]} c5 {[%emt 0:10:45]}
9. Nf3 {[%emt 0:01:59]} Nc6 {[%emt 0:07:48]} 10. a3 {[%emt 0:01:49]} h6 $146 {
[%emt 0:06:07]} (10... Bg4 11. Nd5 Nxd5 12. Bxd5 O-O-O 13. Bxf7 Ne5 14. Bb3
Nxf3+ 15. gxf3 Bxf3 16. Rg1 g6 17. Bd2 Bg7 18. Ba5 Rd6 19. Bd1 Bxd1 20. Rxd1
Rxd1+ 21. Kxd1 Bxb2 22. a4 Kd7 23. Kc2 Bf6 24. Rb1 Rb8 25. Bb6 Kc6 26. Kd3 Re8
27. a5 Re5 28. Ba7 Bd8 29. Bb6 Be7 30. f4 Rd5+ 31. Ke4 Rd2 32. Ke5 Bd6+ 33. Ke4
Rxh2 34. Kf3 Ra2 35. Rh1 c4 36. Rxh7 c3 37. Rh1 c2 38. Rc1 Ba3 {0-1 (38)
Zouridakis,K-Metaxas,P (2175) Thessaloniki 1999}) 11. Nd5 {[%emt 0:03:42]} Nxd5
{[%emt 0:03:09]} 12. Bxd5 {[%emt 0:00:07]} Ne7 {[%emt 0:02:04]} 13. Be4 {
[%emt 0:01:14]} Bf5 {[%emt 0:01:52]} 14. Bxf5 {[%emt 0:05:46]} Nxf5 {[%emt 0:
00:10]} 15. Bd2 {[%emt 0:00:17]} Be7 {[%emt 0:04:42]} 16. O-O-O {[%emt 0:31:42]
} Nd6 {[%emt 0:05:20]} 17. Bc3 {[%emt 0:09:31]} f6 {[%emt 0:10:27]} 18. Nh4 {
[%emt 0:07:20]} Kf7 {[%emt 0:02:36]} 19. Rd5 {[%emt 0:00:12]} b6 {[%emt 0:01:
44]} 20. Rhd1 {[%emt 0:08:54]} Rhd8 {[%emt 0:00:54]} 21. g4 {[%emt 0:09:04]} g6
{[%emt 0:02:46]} 22. Kc2 {[%emt 0:03:50]} Ne4 {[%emt 0:04:54]} 23. f3 {[%emt 0:
00:09]} Rxd5 {[%emt 0:01:23]} 24. Rxd5 {[%emt 0:00:06]} Nd6 {[%emt 0:00:14]}
25. Ng2 {[%emt 0:01:02]} Rd8 {[%emt 0:01:48]} 26. h4 {[%emt 0:02:43]} Nc4 {
[%emt 0:00:49]} 27. Rxd8 {[%emt 0:00:13]} Bxd8 {[%emt 0:00:01]} 28. a4 {
[%emt 0:00:33]} b5 {[%emt 0:01:48]} 29. axb5 {[%emt 0:00:24]} axb5 {[%emt 0:00:
01]} 30. Kd3 {[%emt 0:00:23]} f5 {[%emt 0:00:20]} 31. b3 {[%emt 0:01:23]} Nd6 {
[%emt 0:00:17]} 32. Be5 {[%emt 0:01:15]} c4+ {[%emt 0:01:28]} 33. bxc4 {
[%emt 0:00:42]} Nxc4 {[%emt 0:00:15]} 34. Bd4 {[%emt 0:01:25]} fxg4 {[%emt 0:
01:12]} 35. fxg4 {[%emt 0:00:06]} g5 {[%emt 0:00:33]} 36. hxg5 {[%emt 0:00:29]}
hxg5 {[%emt 0:00:06]} 37. Ne1 {[%emt 0:00:26]} Ke6 {[%emt 0:01:06]} 38. Nf3 {
[%emt 0:00:30]} Nd6 {[%emt 0:00:55]} 39. Bc5 {[%emt 0:00:57]} Nf7 {[%emt 0:00:
40]} 40. Ke4 {[%emt 0:00:00]} Kf6 {[%emt 0:00:00]} 41. Nd4 {[%emt 0:05:35]} Ne5
{[%emt 0:01:11]} 42. Nxb5 {[%emt 0:00:21]} Nxg4 {[%emt 0:00:05]} 43. Bd4+ {
[%emt 0:00:11]} Ke6 {[%emt 0:00:21]} 44. Kf3 {[%emt 0:01:04]} Ne5+ {[%emt 0:00:
46]} 45. Bxe5 {[%emt 0:00:09]} Kxe5 {[%emt 0:00:01]} 46. Nd4 {[%emt 0:00:08]}
Bb6 {[%emt 0:00:07]} 47. Ne2 {[%emt 0:01:33]} g4+ {[%emt 0:00:22]} 48. Kxg4 {
[%emt 0:00:07]} Bxe3 {[%emt 0:00:03]} 1/2-1/2

[Event "Lisbon Masters"]
[Site "Lisbon"]
[Date "1996.??.??"]
[Round "4"]
[White "Damaso, Rui"]
[Black "Fernandes, Antonio ETG"]
[Result "1-0"]
[WhiteElo "2415"]
[BlackElo "2380"]
[Annotator "Costa,L"]
[PlyCount "121"]
[EventDate "1996.??.??"]
[EventType "tourn"]
[EventRounds "9"]
[EventCountry "POR"]
[EventCategory "4"]
[SourceTitle "CBM 051 Extra"]
[Source "ChessBase"]
[SourceDate "1996.05.01"]
[SourceVersion "1"]
[SourceVersionDate "1996.05.01"]
[SourceQuality "1"]

1. d4 d5 2. c4 dxc4 3. e3 e5 4. Bxc4 exd4 5. exd4 Nf6 6. Nf3 Be7 7. O-O O-O 8.
h3 Nbd7 9. Nc3 Nb6 10. Bb3 Nbd5 11. Re1 Re8 $146 (11... c6 12. Bg5 Be6 13. Ne5
(13. Rc1 Re8 14. Ne5 $14 Nd7 (14... Nc7 15. Bc2 Nd7 16. Qh5 Nf8 17. Bxe7 Rxe7
18. Rcd1 f6 19. Nf3 Qd7 20. Qc5 Ree8 $14 {Yusupov-Hubner, Belfort 1988}) 15.
Bxe7 Rxe7 16. Ne4 Nf8 17. Nc5 Qe8 18. Qf3 Rd8 19. Nxb7 Rxb7 20. Nxc6 Rxb3 $13 {
Sax-Kortchnoi, Wijk 1991}) 13... Nc7 14. Bc2 $14 Re8 15. Qd3 g6 16. Qf3 Nfd5
17. Bxe7 Qxe7 18. Qg3 Rad8 19. Rad1 Nf6 20. f4 $16 {Razuvaev-Bagirov, USSR 1982
}) (11... Be6 12. Ng5 Nxc3 13. bxc3 Bxb3 14. Qxb3 $14 {Vaganian-Tal, Moscow
1982}) 12. Nxd5 (12. Bg5 $5) 12... Nxd5 13. Ng5 c6 14. Qh5 $14 Bxg5 15. Bxg5
Qd7 16. Bc2 $6 (16. Bxd5 $5 cxd5 17. Rac1 $14) 16... g6 17. Qh6 Re6 18. h4 Qd6
19. Bd2 Bd7 20. Rxe6 Qxe6 21. Bb3 Re8 (21... Qe4 $5) 22. Re1 Qd6 23. Rxe8+ Bxe8
24. Bxd5 cxd5 25. a3 $10 Bc6 26. h5 b6 27. Bb4 Qd8 28. Qe3 $6 Qd7 (28... a5 $5)
29. h6 a5 30. Bd2 f6 31. Qf4 Qd8 32. Qe3 Kf7 33. Qc3 Qd6 34. Qd3 Bd7 35. Qa6
Qc7 36. Qa8 Bc6 37. Qh8 Ke6 38. Qg8+ Qf7 39. Qd8 a4 $6 (39... Qa7 $5 40. Qg8+
Qf7 41. Qd8 $10) 40. Qxb6 $14 Qb7 41. Qd8 g5 42. Bb4 Qd7 43. Qb8 Qe8 44. Qa7
Qd7 45. Qc5 Kf7 46. Qf8+ Ke6 47. Qh8 Qf7 48. f3 Be8 49. Kf2 Kf5 50. Bf8 Kg6 51.
Bg7 Bc6 52. Qc8 Bd7 53. Qc2+ f5 54. Qc7 Qe6 55. Be5 Kxh6 56. f4 gxf4 57. Qd8
Kg6 58. Kf3 h6 59. Kxf4 Qf7 60. g3 Kh7 61. Ke3 $14 {(+)} 1-0

[Event "Belgrade GMA op"]
[Site "Belgrade"]
[Date "1988.??.??"]
[Round "?"]
[White "Wilder, Michael"]
[Black "Ye, Rongguang"]
[Result "1/2-1/2"]
[WhiteElo "2505"]
[BlackElo "2375"]
[Annotator "Crnic,M"]
[PlyCount "129"]
[EventDate "1988.12.??"]
[EventType "swiss"]
[EventRounds "9"]
[EventCountry "YUG"]
[SourceTitle "TD"]
[Source "ChessBase"]
[SourceDate "1994.03.01"]
[SourceVersion "1"]
[SourceVersionDate "1994.03.01"]
[SourceQuality "1"]

1. d4 d5 2. c4 dxc4 3. e4 Nc6 4. Be3 Nf6 5. Nc3 e5 6. d5 Ne7 7. Bxc4 (7. Be2)
7... Ng6 8. h4 $5 {N} Bd6 9. g3 Ng4 $5 10. Bb5+ Kf8 $8 (10... Bd7 11. Qxg4 c6
12. Qe2 cxb5 13. Nxb5 $14) 11. Bg5 f6 12. Bd2 Bc5 13. Nh3 h5 14. Qe2 a6 15. Ba4
$1 b5 (15... Bd6 $1 {}) 16. Bb3 Bd6 17. f3 Nh6 18. Nf2 Bd7 19. a4 Rb8 $1 20.
axb5 axb5 21. O-O Qe8 22. Nd3 Kg8 23. Kh1 Kh7 24. Rac1 Rf8 25. Be3 b4 26. Nb1
$1 f5 27. Bxh6 gxh6 28. exf5 Bxf5 29. Nd2 Qe7 (29... Qd7 30. Nf2 $1 Qe7 31.
Nfe4) 30. Ne4 Rf7 $5 31. Rc4 Rbf8 32. Nxd6 cxd6 33. Nxb4 $1 (33. Rxb4 e4 $1 34.
Ne1 exf3 35. Qxe7 Rxe7 36. Nxf3 Bd3 37. Rf2 Re3 38. Bd1 Be4 $19) 33... Kg7 $5 (
33... Bg4 $6 34. Rxg4 $1 hxg4 35. Bc2 h5 36. Nc6 Qf6 37. f4 Kg7 38. Qe4 $15)
34. Bc2 Qb7 35. Bxf5 $138 Rxf5 36. Kg2 Ne7 37. Qd3 R5f6 $1 38. Rf2 Nf5 39. Kh2
Qb6 40. Rd2 R8f7 41. Nc6 Ne3 $1 42. Rb4 $8 Qc5 43. f4 $1 (43. Rb5 Qc1 $1 44.
Qxe3 Rxf3 45. Qe2 Rf1 46. Qg2 Qe1 $1 47. Re2 Rh1+ $1 48. Qxh1 Qxe2+ {}) 43...
exf4 44. Rxf4 Ng4+ $2 (44... Rxf4 45. gxf4 Rxf4 $1 46. Nd8 Rxh4+ 47. Kg3 Rg4+
48. Kf3 Qc1 $1 49. Ne6+ Kf6 50. Qc3+ (50. Qxe3 Qh1+ 51. Ke2 Re4) 50... Qxc3 51.
bxc3 Nc4 $19) 45. Kg2 Rxf4 46. gxf4 Rxf4 47. Qc3+ (47. Nd8 Ne3+ 48. Kg3 Rg4+
49. Kf3 Qc1 $1 $19) 47... Qxc3 48. bxc3 Ne3+ 49. Kg3 Rc4 $6 (49... Rg4+ 50. Kf3
Nf5 $19) 50. Kf3 Nf5 51. Nd4 $1 Rxc3+ 52. Ke4 $1 Nxd4 53. Kxd4 Rh3 54. Rg2+ $1
Kf7 55. Rf2+ Kg6 56. Rg2+ Kf5 57. Rf2+ Kg4 58. Rf6 Rxh4 59. Rxd6 Kg5+ 60. Ke3
$1 Rh1 61. Kf2 Rd1 62. Rd8 h4 63. Kg2 Rd2+ 64. Kh3 Rd3+ 65. Kh2 1/2-1/2

[Event "United Insurance 5th"]
[Site "Dhaka"]
[Date "2001.02.23"]
[Round "5"]
[White "Barsov, Alexei"]
[Black "Rahman, Ziaur"]
[Result "1-0"]
[WhiteElo "2500"]
[BlackElo "2447"]
[Annotator "Dautov,R"]
[PlyCount "53"]
[EventDate "2001.02.19"]
[EventType "tourn"]
[EventRounds "13"]
[EventCountry "BAN"]
[EventCategory "8"]
[SourceTitle "CBM 082"]
[Source "ChessBase"]
[SourceDate "2001.05.17"]
[SourceVersion "1"]
[SourceVersionDate "2001.05.17"]
[SourceQuality "1"]

1. d4 d5 2. c4 Nc6 3. Nc3 dxc4 4. Nf3 Nf6 5. e3 (5. Bg5) (5. e4) 5... e5 6.
Bxc4 {Weiß hat vor, mit einem Isolani zu spielen.} ({Die andere populäre
Fortsetzung ist} 6. d5 Ne7 7. Bxc4 Ng6) 6... exd4 7. exd4 Bd6 8. O-O O-O 9. h3
h6 10. Be3 (10. Re1 Re8 11. Be3 Bf5 12. a3 a6 $1 13. Nh4 Bh7 14. Qf3 Qd7 15. g4
Rad8 $11 {Short-Bareev/Pula 1997}) 10... Bf5 (10... a6 11. Qd2 (11. a3 Bf5 $11)
(11. a4 Bf5 12. Nh4 Bh7 13. Bd3 Bxd3 14. Qxd3 Nb4 15. Qd1 Re8 $11 {Balashov,
Y-Morozevich,A/Samara 1998}) 11... b5 12. Bd3 Nb4 13. Bb1 Re8 14. a3 Nbd5 15.
Nxd5 Nxd5 16. Qc2 Nf6 $11 {Thesing,M-Glek,I/Netherlands 1999}) 11. Nh4 $1 {
Die Hauptidee der weißen Figurenaufstellung. Die Dame nimmt einen guten Posten
auf f3 ein, und der Nh4 strebt nach f5.} Bd7 $6 $146 {Dieser Neuerung würde
ich das bewährte 11...Bh7 vorziehen.} (11... Bh7 12. Qf3 Bb4 $5 (12... Nd5 13.
Nf5 Bxf5 14. Qxf5 Nce7 15. Qg4 Nf6 16. Qf3 $14 {Finegold,B-Basin,L/Dearborn
1994}) 13. Rad1 Na5 14. Bd3 Bxc3 15. bxc3 Qd5 16. Qg3 Bxd3 17. Rxd3 Ne4 18.
Qxc7 Rac8 19. Qe5 Rfd8 $44 {Degraeve,J-Bauer,C/Toulouse 1995}) 12. Qf3 (12. Ng6
Re8 13. Qb3 Be6 14. d5 Na5 15. dxe6 Nxb3 16. exf7+ Kh7 17. Bd3 $1 Nc5 (17...
Bh2+ 18. Kxh2 Qxd3 19. fxe8=Q Rxe8 20. Nf4 $16) 18. Nf8+ Kh8 19. Ng6+ $11)
12... Be6 ({Interessant, aber für den Ausgleich auch nicht ausreichend war} 
12... Ng4 $5 13. Ng6 (13. g3 $2 Nh2 $1 14. Kxh2 Qxh4 $15) 13... Nh2 14. Qh5
Nxf1 15. Nxf8 Qxf8 16. Rxf1 Ne7 17. Ne4 $14) 13. Bxe6 (13. d5 $2 Ne5) (13. Bd3
Nb4 14. Bb1 Nbd5 $11) 13... fxe6 {Die entstandene Bauerstruktur gilt als etwas
ungünstig für Schwarz, da Weiß die Felder e4 und e5 beherrschen wird , und der
schwarze König schwächer ist als der weiße. Um den Schaden zu begrenzen sollte
der Nachziehende in jedem Fall einen seiner Springer auf d5 überführen.} 14.
Rad1 Rf7 $1 (14... Rb8 $6 {/\Nb4-d5} 15. Ng6 Rf7 16. Ne5 $1 $14) (14... Nd5 $6
15. Qg4 $14) 15. Rfe1 Bb4 $2 {Es macht wenig Sinn, den gutstehenden Läufer von
d6 zu entfernen.} ({Angebracht war} 15... Nb4 $1 16. Ng6 (16. Qxb7 $4 c6 $19)
16... Nfd5 17. Qg4 Qf6 $132) 16. Rc1 Rb8 17. Qd1 Nd5 18. Nf3 $14 a6 19. Bd2 $1
{[%cal Re1e6] ><e6} Nb6 20. Re4 $1 {Mit jedem Zug verbessert Weiß seine
Stellung, während Schwarz eher das Gegenteil tut.} Nc4 21. Rg4 Nxd2 (21... Nxb2
22. Qc2 Bxc3 23. Bxc3 Nc4 24. Qg6 Qd5 25. Qxh6 $16) 22. Qxd2 Qf6 23. Qe3 {/\Ne4
} Bxc3 24. bxc3 $16 b5 25. Re1 Re7 $2 (25... Re8 26. Qe4 $16) 26. Qe4 $18 Nd8
27. Rf4 1-0